100 secretos de una prostituta: lo que necesitas saber para comprender a los hombres (Registro nro. 12050)
[ vista simple ]
| 000 -Cabecera | |
|---|---|
| Campo de control de longitud fija | 00652nam a22002417a 4500 |
| 005 - Fecha y hora de la última transacción | |
| Campo de control | 20231012111757.0 |
| 008 - Elementos de longitud fija--Información general | |
| Campo de control de longitud fija | 190611b2012 xxu||||| |||| 00| 0 spa d |
| 020 ## - International Standard Book Number | |
| Número Internacional Estándar del Libro (ISBN) | 9786074381146 |
| 041 ## - Idioma | |
| Código de idioma | Español |
| 082 ## - Clasificación Decimal Dewey | |
| Número de clasificación | 306.74 O48c |
| 100 ## - Entrada principal--Autor personal | |
| Nombre personal | Oliveira, Vanessa de |
| 9 (RLIN) | 54322 |
| 245 ## - Título propiamente dicho | |
| Título | 100 secretos de una prostituta: lo que necesitas saber para comprender a los hombres |
| 260 ## - Pie de imprenta | |
| Lugar de publicación, distribución, etc. | México |
| 260 ## - Pie de imprenta | |
| Nombre del editor, distribuidor, etc. | Nueva Imagen |
| 260 ## - Pie de imprenta | |
| Fecha de publicación, distribución, etc. | 2012 |
| 300 ## - Descripción física | |
| Extensión | 167 páginas |
| 650 ## - Materia general | |
| Temática (materia general) | PROSTITUCIÓN |
| 650 ## - Materia general | |
| Temática (materia general) | HOMBRES |
| 650 ## - Materia general | |
| Temática (materia general) | SEXO |
| 650 ## - Materia general | |
| Temática (materia general) | PROFESIÓN |
| 650 ## - Materia general | |
| Temática (materia general) | RELACIONES AFECTIVAS |
| 942 ## - Punto de acceso adicional KOHA | |
| Tipo de ítem KOHA | Literatura |
| Fuente del sistema de clasificación o colocación | Dewey Decimal Classification |
| Signatura completa | Código de barras | Tipo de ítem |
|---|---|---|
| 306.74 O48c | 17192 | Literatura |
| 306.74 O48c | 17101 | Literatura |